|
|
|
|
| LEADER |
01198cam a22002771 4500 |
| 001 |
1746300 |
| 003 |
GR-PaULI |
| 005 |
20241108063355.0 |
| 008 |
771130s1970 gw a b 000 0 ger |
| 952 |
|
|
|0 0
|1 0
|2 ddc
|4 0
|6 Π_Σ_514_200000000000000_ZIE
|7 0
|8 NFIC
|9 229198
|a LISP
|b LISP
|c REF
|d 2019-01-17
|i 138476
|l 0
|o Π/Σ 514.2 ZIE
|p 025000043556
|r 2019-01-17 00:00:00
|t 1
|v 2019.00
|w 2019-01-17
|y BK15
|
| 999 |
|
|
|c 139125
|d 139125
|
| 010 |
|
|
|a 75115819
|
| 040 |
|
|
|a DLC
|c DLC
|d DLC
|b gre
|e AACR2
|
| 082 |
0 |
0 |
|a 514.2
|2 23
|
| 100 |
1 |
|
|a Zieschang, Heiner
|9 173204
|e συγγραφέας.
|
| 245 |
1 |
0 |
|a Flächen und ebene diskontinuierliche Gruppen /
|c H. Zieschang, E. Vogt, H.-D. Coldewey.
|
| 260 |
|
|
|a Berlin ;
|a New York :
|b Springer-Verlag,
|c 1970.
|
| 300 |
|
|
|a viii, 203 σ. ;
|b
|c 26 εκ.
|
| 490 |
1 |
|
|a Lecture notes in mathematics
|v 122.
|
| 504 |
|
|
|a Περιλαμβάνει βιβλιογραφία.
|
| 650 |
|
4 |
|a Αλγεβρική τοπολογία
|9 14
|
| 700 |
1 |
|
|a Vogt, E.
|e συγγραφέας.
|9 173206
|
| 700 |
1 |
|
|a Coldewey, Hans-Dieter
|e συγγραφέας.
|9 173207
|
| 830 |
|
0 |
|a Lecture notes in mathematics (Springer-Verlag)
|v 122.
|9 161263
|
| 942 |
|
|
|2 ddc
|c BKN
|
| 998 |
|
|
|c ΜΠΟΥΡΑΣ
|d 2019-01
|